Four friends / Robyn Carr.
Available copies
- 4 of 6 copies available at LARL/NWRL Consortium.
Current holds
1 current hold with 6 total copies.
Show Only Available Copies
| Location | Call Number / Copy Notes | Barcode | Shelving Location | Status | Due Date |
|---|---|---|---|---|---|
| Godel Memorial-Warren Library | CAR (Text) | 35500005373608 | Main | Available | - |
| Greenbush Public Library | CAR (Text) | 35500005373392 | Main | Available | - |
| Hallock Public Library | CAR (Text) | 35500005373491 | Main | Checked out | 05/30/2026 |
| Karlstad LINK Site | CAR (Text) | 35500005373483 | Main | Available | - |
| Red Lake Falls Public Library | CAR (Text) | 35500005373509 | Main | Available | - |
| Roseau Public Library | CAR (Text) | 35500005373616 | Main | Checked out | 05/19/2026 |
Record details
- ISBN: 9780778316817 (pbk.)
- ISBN: 0778316815
- ISBN: 9780778317180 (hardcover)
- ISBN: 0778317188 (hardcover)
- Physical Description: 370 pages ; 21 cm
- Publisher: Don Mills, Ontario, Canada : Harlequin MIRA, 2014
Content descriptions
| General Note: | Includes reader's guide. |
| Summary, etc.: | Gerri can't decide what's more devastating: ... Read More |
Search for related items by subject
| Subject: | Female friendship > Fiction. Marin County (Calif.) > Fiction. Self-actualization (Psychology) > Fiction. Self-acceptance in women > Fiction. |
| Genre: | Domestic fiction. Chick lit. |
| LDR | 03626cam a2200541Ii 4500 | ||
|---|---|---|---|
| 001 | 164695 | ||
| 003 | LARL_NWRL_CONSORTIUM | ||
| 005 | 20140414110718.0 | ||
| 008 | 140311s2014 onc 000 1 eng d | ||
| 020 | . | ‡a9780778316817 (pbk.) | |
| 020 | . | ‡a0778316815 | |
| 020 | . | ‡a9780778317180 (hardcover) | |
| 020 | . | ‡a0778317188 (hardcover) | |
| 035 | . | ‡a(OCoLC)872274011 | |
| 040 | . | ‡aUPZ ‡beng ‡erda ‡cUPZ ‡dIEP ‡dOCLCO ‡dABG ‡dGL4 ‡dOI6 ‡dILC ‡dOCLCO | |
| 043 | . | ‡an-us-ca | |
| 050 | 1 | 4. | ‡aPS3553.A76334 ‡bF68 2014 |
| 082 | 0 | 4. | ‡a813/.54 ‡223 |
| 100 | 1 | . | ‡aCarr, Robyn, ‡eauthor. ‡0(LARL_NWRL_CONSORTIUM)60624 |
| 245 | 1 | 0. | ‡aFour friends / ‡cRobyn Carr. |
| 260 | . | ‡aDon Mills, Ontario, Canada : ‡bHarlequin MIRA, ‡c2014 | |
| 300 | . | ‡a370 pages ; ‡c21 cm | |
| 336 | . | ‡atext ‡btxt ‡2rdacontent | |
| 337 | . | ‡aunmediated ‡bn ‡2rdamedia | |
| 338 | . | ‡avolume ‡bnc ‡2rdacarrier | |
| 500 | . | ‡aIncludes reader's guide. | |
| 520 | . | ‡aGerri can't decide what's more devastating: learning her rock solid marriage has big cracks, or the anger she feels as she tries to repair them. Always the anchor for friends and her three angst ridden teenagers, it's time to look carefully at herself. The journey is more than revealing, its transforming. Andy doesn't have a great track record with men, and she's come to believe that a lasting love is out of reach. When she finds herself attracted to her down to earth contractor, a man without any of the qualities that usually appeal to her, she questions everything she thought she wanted in life. Sonja's lifelong pursuit of balance is shattered when her husband declares he's through with her New Age nonsense and walks out. There's no herbal tonic or cleansing ritual that can restore her serenity, or her sanity. Miraculously, it's BJ, the reserved newcomer to Mill Valley, who steps into their circle and changes everything. The woman with dark secrets opens up to her neighbors, and together they get each other back on track, stronger as individuals and unfaltering as friends. | |
| 650 | 0. | ‡aFemale friendship ‡vFiction. ‡0(LARL_NWRL_CONSORTIUM)164947 | |
| 651 | 0. | ‡aMarin County (Calif.) ‡vFiction. | |
| 650 | 0. | ‡aSelf-actualization (Psychology) ‡vFiction. ‡0(LARL_NWRL_CONSORTIUM)167328 | |
| 650 | 0. | ‡aSelf-acceptance in women ‡vFiction. | |
| 655 | 0. | ‡aDomestic fiction. | |
| 655 | 0. | ‡aChick lit. | |
| 948 | . | ‡hNO HOLDINGS IN LAL - 206 OTHER HOLDINGS | |
| 994 | . | ‡aZ0 ‡bLAL | |
| 901 | . | ‡a164695 ‡bOCLC ‡c164695 ‡tbiblio | |

Add to basket
Permalink
Disable Highlighting